Oxytocin Fragmentum analógjának (Z-pro-D-leucin) hatása a morfin dependenciára és az agyi monoamin tartalomra

Elmentve itt :
Bibliográfiai részletek
Szerzők: Szontágh Lucia
Kovács L. Gábor
Baláspiri Lajos
Hódi Klára
Bohus Péter
Telegdy Gyula
Dokumentumtípus: Cikk
Megjelent: 1981
Sorozat:KÍSÉRLETES ORVOSTUDOMÁNY 33
Tárgyszavak:
mtmt:12049
Online Access:http://publicatio.bibl.u-szeged.hu/33655
LEADER 00919nab a2200265 i 4500
001 publ33655
005 20250602095422.0
008 250602s1981 hu o 000 hun d
022 |a 0023-1878 
024 7 |a 12049  |2 mtmt 
040 |a SZTE Publicatio Repozitórium  |b hun 
041 |a hun 
100 1 |a Szontágh Lucia 
245 1 0 |a Oxytocin Fragmentum analógjának (Z-pro-D-leucin) hatása a morfin dependenciára és az agyi monoamin tartalomra  |h [elektronikus dokumentum] /  |c  Szontágh Lucia 
260 |c 1981 
300 |a 369-375 
490 0 |a KÍSÉRLETES ORVOSTUDOMÁNY  |v 33 
650 4 |a Kémiai tudományok 
650 4 |a Általános orvostudomány 
700 0 1 |a Kovács L. Gábor  |e aut 
700 0 1 |a Baláspiri Lajos  |e aut 
700 0 1 |a Hódi Klára  |e aut 
700 0 1 |a Bohus Péter  |e aut 
700 0 1 |a Telegdy Gyula  |e aut 
856 4 0 |u http://publicatio.bibl.u-szeged.hu/33655/1/aok_klny_1784_81.pdf  |z Dokumentum-elérés